| 000 -LEADER |
| fixed length control field |
00738nam a2200241Ia 4500 |
| 001 - CONTROL NUMBER |
| control field |
9619 |
| 003 - CONTROL NUMBER IDENTIFIER |
| control field |
GE_BSU |
| 008 - FIXED-LENGTH DATA ELEMENTS--GENERAL INFORMATION |
| fixed length control field |
181216s||||||||xx |||||||||||||| ||und|| |
| 040 ## - CATALOGING SOURCE |
| Transcribing agency |
GE_BSU |
| 080 ## - UNIVERSAL DECIMAL CLASSIFICATION NUMBER |
| Universal Decimal Classification number |
821.353.1-31 |
| 100 ## - MAIN ENTRY--PERSONAL NAME |
| Personal name |
მაღრაძე,ელგუჯა |
| 245 ## - TITLE STATEMENT |
| Title |
რად,სოფელო |
| 245 ## - TITLE STATEMENT |
| Remainder of title |
რომანი |
| 245 ## - TITLE STATEMENT |
| Statement of responsibility, etc. |
რედ:ნუკრი აბესაძე;მხატვ:ზურაბ ფორჩხიძე |
| 260 ## - PUBLICATION, DISTRIBUTION, ETC. |
| Place of publication, distribution, etc. |
თბილისი. |
| 260 ## - PUBLICATION, DISTRIBUTION, ETC. |
| Name of publisher, distributor, etc. |
საბჭ.საქართველო |
| 260 ## - PUBLICATION, DISTRIBUTION, ETC. |
| Date of publication, distribution, etc. |
1984. |
| 300 ## - PHYSICAL DESCRIPTION |
| Extent |
285გვ;20სმ. |
| 300 ## - PHYSICAL DESCRIPTION |
| Other physical details |
8ფ.ილ |
| 653 ## - INDEX TERM--UNCONTROLLED |
| Uncontrolled term |
რად,სოფელო |
| 653 ## - INDEX TERM--UNCONTROLLED |
| Uncontrolled term |
რომანი |
| 942 ## - ADDED ENTRY ELEMENTS (KOHA) |
| Koha item type |
წიგნი |